Catálogo

CICLO DE CONFERENCIAS, EL SECTOR FORESTAL DE MEXICO, AVANCES Y PERSPECTIVAS MEMORIA, 29 DE OCTUBRE DE 1997 AL 29 DE ABRIL DE 1998 (Registro nro. 50199)

Detalles MARC
000 -LEADER
fixed length control field 00729nam a2200181 a 4500
001 - CONTROL NUMBER
control field 50199
005 - DATE AND TIME OF LATEST TRANSACTION
control field 20180714035157.0
008 - FIXED-LENGTH DATA ELEMENTS--GENERAL INFORMATION
fixed length control field 140415s1998 mx 000 0 spa d
041 ## - LANGUAGE CODE
Language code of text/sound track or separate title spa
082 ## - DEWEY DECIMAL CLASSIFICATION NUMBER
Classification number 333.7
Item number MEX
100 1# - MAIN ENTRY--PERSONAL NAME
Personal name MEXICO. SECRETARIA DE MEDIO AMBIENTE, RECURSOS NATURALES Y PESCA
245 10 - TITLE STATEMENT
Title CICLO DE CONFERENCIAS, EL SECTOR FORESTAL DE MEXICO, AVANCES Y PERSPECTIVAS MEMORIA, 29 DE OCTUBRE DE 1997 AL 29 DE ABRIL DE 1998
250 ## - EDITION STATEMENT
Edition statement 1a ed.
260 ## - PUBLICATION, DISTRIBUTION, ETC.
Place of publication, distribution, etc. MEXICO :
Name of publisher, distributor, etc. SEMARNAP,
Date of publication, distribution, etc. 1998
300 ## - PHYSICAL DESCRIPTION
Extent 140
Dimensions 21 x 2 x 27.6
520 ## - SUMMARY, ETC.
Summary, etc. SEGURIDAD FORESTAL CUIDADO DE LA FORESTACION, PROBLEMATICA DE LA FORESTACION
650 14 - SUBJECT ADDED ENTRY--TOPICAL TERM
Topical term or geographic name entry element BIOTECNOLOGIA
General subdivision BOSQUES
-- ESPECIES
-- RECURSOS NATURALES
-- BOSQUES
-- PLAGAS
Existencias
Withdrawn status Lost status Source of classification or shelving scheme Damaged status Not for loan Collection code Home library Current library Shelving location Date acquired Source of acquisition Inventory number Total Checkouts Full call number Barcode Date last seen Price effective from Koha item type
    Dewey Decimal Classification     General Biblioteca Karol Wojtyla Biblioteca Karol Wojtyla Sala general 03/12/2013 Compra 151000000000000000049137   333.7 MEX 74932 05/01/2026 03/12/2013 Libro